Jesucristo para principiantes /
Guardado en:
| Autor Principal: | |
|---|---|
| Formato: | Libro |
| Publicado: |
Buenos Aires :
Era Naciente,
1999
|
| Series: | Documentales ilustrados
|
| Materias: | |
| Etiquetas: |
Agregar Etiqueta
Sin Etiquetas, Sea el primero en etiquetar este registro!
|
| LEADER | 00590nam a22002055a 4500 | ||
|---|---|---|---|
| 001 | CEM.cems013479 | ||
| 005 | 20110228093323.0 | ||
| 008 | 130507s1999##################000#0#####d | ||
| 003 | CEMS | ||
| 020 | |a 9879065743 | ||
| 082 | 0 | 4 | |a 232.901 |
| 100 | 1 | |a Andreux, Miguel | |
| 245 | 1 | 0 | |a Jesucristo para principiantes / |c Miguel Andreux |
| 260 | |a Buenos Aires : |b Era Naciente, |c 1999 | ||
| 300 | |a 175 p. | ||
| 490 | 0 | |a Documentales ilustrados | |
| 653 | |a Jesucristo | ||
| 653 | |a Jesucristo-vida de | ||
| 653 | |a Jesucristo-doctrina | ||
| 859 | |a CEMS |b BIB. CEMS - 11 de abril |h 232.901 |i An257 |p 26087.11 |t Ej.1 | ||
